• 首页
  • 本馆介绍
  • 公告通知
  • 最新文献
  • 馆藏检索
  • 电子资源
  • 读者导购
  • 参考咨询
  • 我的图书馆
  • 登录
  • 详细信息显示
  • 放入我的书架
  • 预约/预借图书
  • 作者相关作品
  • 分类相关作品
  • 丛书相关作品
  • 出版社相关作品

书目信息

  • 表格格式
  • 工作单格式
  • 卡片格式
题名:
向小麦病虫害作斗争
    
 
作者: ;中国农业科学院植物保护研究所
分册:  
出版信息: 北京   农业出版社  1974.03
页数: 63页
开本: 20cm
丛书名:
单 册:
中图分类: S512.1
科图分类:
主题词: 禾谷类作物
电子资源:
ISBN:
000 00662nam0 2200193 450
001 0640669954
005 20060816111918.62
010    @dCNY0.21
091    @a16144.1678
100    @a20060816d1974 km y0chiy0120 ea
101 0  @achi
200 1  @a向小麦病虫害作斗争@Axiang xiao mai bing chong hai zuo dou zheng@f中国农业科学院植物保护研究所@Fzhong guo nong ye ke xue yuan zhi wu bao hu yan jiu suo
210    @a北京@c农业出版社@d1974.03
215    @a63页@d20cm
606 0  @a禾谷类作物
690    @aS512.1@v3
711  0 @a中国农业科学院植物保护研究所@Azhong guo nong ye ke xue yuan zhi wu bao hu yan jiu suo
801  0 @aCN@bPFT@c20060816
905    @a10447@dS512.1@e30
    
    向小麦病虫害作斗争/中国农业科学院植物保护研究所.-北京:农业出版社,1974.03
    63页;20cm
    
    
    ISBN :CNY0.21
    
●
相关链接 在E读中查询图书 在五车中查询图书 在当当中查询图书 在豆瓣中查询图书


正题名:向小麦病虫害作斗争     索取号:S512.1/30         预约/预借

序号 登录号 条形码 馆藏地/架位号 状态 备注
1 0458686   204586867   密集书库/ [索取号:S512.1/30] 在馆    
唐山师范学院图书馆 欢迎您!
大连网信软件有限公司© 版权所有